Statistics for Top 10 Most Protestant European Countries

Click here to take the quiz!

General Stats

  • This quiz has been taken 18,544 times
  • The average score is 8 of 10

Answer Stats

%Country% Correct
27Germany
96%
50United Kingdom
96%
64Sweden
94%
82Norway
92%
72Finland
90%
76Denmark
89%
19Netherlands
86%
25Switzerland
73%
76Iceland
72%
20Latvia
47%

Score Distribution

Percentile by Number Answered

Percent of People with Each Score

Your Score History

You have not taken this quiz